| 000 | 00668cam a2200241 a 4500 | ||
|---|---|---|---|
| 001 | 3805871 | ||
| 005 | 20171219040632.0 | ||
| 008 | 850823m19869999ilua b 001 0 eng | ||
| 010 | _a 85021880 | ||
| 020 | _a0882958380 (pbk. : v. 2) | ||
| 020 | _z0882958372 (v. 1) | ||
| 040 |
_aDLC _cDLC _dDLC |
||
| 041 | _aeng | ||
| 043 | _an-us--- | ||
| 080 | _a305.40973 RIL | ||
| 082 | 0 | 0 |
_a305.40973 RIL _219 |
| 100 | 1 | _a50 | |
| 101 | _aSOC | ||
| 245 | 1 | 0 |
_aInventing the American woman : _cGlenda Riley. |
| 504 | _aIncludes bibliographies and index. | ||
| 906 |
_a7 _bcbc _corignew _d1 _eocip _f19 _gy-gencatlg |
||
| 942 |
_2ddc _cBK |
||
| 999 |
_c39143 _d39143 |
||